Central Library OPAC University of Rajshahi

The League of nations at work / (Record no. 37798)

MARC details
000 -LEADER
fixed length control field 00644nam a2200229 a 4500
001 - CONTROL NUMBER
control field 37798
003 - CONTROL NUMBER IDENTIFIER
rucl marc code BD-RjUL
005 - DATE AND TIME OF LATEST TRANSACTION
control field 20211209052646.0
008 - FIXED-LENGTH DATA ELEMENTS--GENERAL INFORMATION
fixed length control field 150709s1927 -uk 001 0 eng d
035 ## - SYSTEM CONTROL NUMBER
System control number (BD-RjUL) 37903
040 ## - CATALOGING SOURCE
Original cataloging agency EQO
Transcribing agency EQO
Language of cataloging eng
Modifying agency BD-RjUL
041 ## - LANGUAGE CODE
Language code of text/sound track or separate title eng
082 ## - DEWEY DECIMAL CLASSIFICATION NUMBER
Classification number 341.22
Author mark and year BAL 1927
100 1# - MAIN ENTRY--PERSONAL NAME
Personal name Baker, P.J. Noel
Dates associated with a name 1889-1982.
9 (RLIN) 117075
245 14 - TITLE STATEMENT
Title The League of nations at work /
Statement of responsibility, etc. by P.J. Noel Baker.
250 ## - EDITION STATEMENT
Edition statement 2nd ed.
260 ## - PUBLICATION, DISTRIBUTION, ETC. (IMPRINT)
Place of publication, distribution, etc. London :
Name of publisher, distributor, etc. Nisbert & co. Ltd.,
Date of publication, distribution, etc. 1927.
300 ## - PHYSICAL DESCRIPTION
Pagination xvi, 139 p. :
Illustrations ill. ;
Size 18 cm.
500 ## - GENERAL NOTE
General note Includes Index.
650 ## - SUBJECT ADDED ENTRY--TOPICAL TERM
Topical term or geographic name as entry element League of Nations.
9 (RLIN) 117079
942 ## - ADDED ENTRY ELEMENTS (KOHA)
Source of classification or shelving scheme Dewey Decimal Classification
Koha item type Books
Holdings
Lost status Source of classification or shelving scheme Damaged status Not for loan Collection code Permanent Location Current Location Shelving location Date acquired Source of acquisition Cost, normal purchase price Total Checkouts Full call number Date last seen Copy number Koha item type
  Dewey Decimal Classification     Non-fiction Central Library, University of Rajshahi Central Library, University of Rajshahi   09/11/1961 N/A 0.00   341.22 BAL 1927 09/07/2015 C-2 Books